000
00256nam a22000977a 4500
999
_c
11362
_d
11362
008
190328b ||||| |||| 00| 0 eng d
020
_a
9780713634099
100
_a
Johnson Carl
_9
7055
245
_a
Track Athletics
260
_a
Great Britain
_b
Hollen Street Press